=LDR 00000nam 2200000 4500 =001 INLIS000000000025632 =005 20201211101001 =035 ##$$a 0010-061300000025632 =008 201211################g##########0#ind## =041 ##$$a iND =082 ##$$a 332.6 =090 ##$$a 650, iCH D =100 #$$a Achmad, Achmad =245 1#$$a Duna usaha indonesia: segi hukum, segi manajemen, struktur/bentuk hukum, kebijakan pemerintah /$c Achmad Ichsan =260 ##$$a Jakarta :$b Pradnya Paramita,$c 1986 =300 ##$$a xvi, 521 hlm ; $c 21x14 cm =650 #4$$a Industri dan negara Indonesia =850 ##$$a NBPNMAT =020 ##$$a 979-408-000-4 =084 ##$$a 332.6 ACH d =250 ##$$a cet.1 =990 ##$$a 00052113